[Event "Wch Seniors 50 31st"]
[Site "Terassini"]
[Date "2023.10.26"]
[Round "2"]
[White "Cabe, Arlan"]
[Black "Minnican, Alan William"]
[Result "1/2-1/2"]
[WhiteElo "2303"]
[BlackElo "2071"]
[PlyCount "21"]
[EventDate "2023.10.25"]
[EventType "swiss"]
[EventRounds "11"]
[EventCountry "ITA"]
[SourceTitle "Mega2024 Update 01"]
[Source "Chessbase"]
[SourceDate "2023.11.12"]
[SourceVersion "1"]
[SourceVersionDate "2023.11.12"]
[SourceQuality "1"]

1. c4 e5 2. Nc3 d6 3. g3 f5 4. Bg2 Nf6 5. d4 Be7 6. b3 c6 7. Bb2 0-0 8. Qd2 Na6 9. Nh3 Nc7 10. 0-0 Qe8 11. f3 1/2-1/2

[Event "EU-ch Seniors 50 22nd"]
[Site "Acqui Terme"]
[Date "2023.06.03"]
[Round "9"]
[White "Minnican, Alan William"]
[Black "Meessen, Rudolf"]
[Result "1/2-1/2"]
[WhiteElo "2052"]
[BlackElo "2155"]
[PlyCount "54"]
[EventDate "2023.05.26"]
[EventType "swiss"]
[EventRounds "9"]
[EventCountry "ITA"]
[SourceTitle "CBM 214 Extra"]
[Source "ChessBase"]
[SourceDate "2023.07.31"]
[SourceVersion "1"]
[SourceVersionDate "2023.07.31"]
[SourceQuality "1"]

1. e4 e6 2. d4 d5 3. exd5 exd5 4. c4 Bb4+ 5. Nc3 Ne7 6. Bd3 dxc4 7. Bxc4 0-0 8. Nge2 Nbc6 9. 0-0 Bf5 10. a3 Bd6 11. Nb5 Ng6 12. Nxd6 Qxd6 13. Be3 Rad8 14. Rc1 Qf6 15. b4 Be4 16. Nc3 Bf5 17. Qh5 Nge7 18. d5 Bg6 19. Qg5 Ne5 20. Qxf6 gxf6 21. Bc5 Rfe8 22. Bb5 c6 23. dxc6 N7xc6 24. Rcd1 Bc2 25. Rxd8 Rxd8 26. Rc1 Bd3 27. f4 Ng6 1/2-1/2

[Event "EU-ch Seniors 50 22nd"]
[Site "Acqui Terme"]
[Date "2023.06.01"]
[Round "7"]
[White "Minnican, Alan William"]
[Black "Folk, Petr"]
[Result "0-1"]
[WhiteElo "2052"]
[BlackElo "2135"]
[PlyCount "64"]
[EventDate "2023.05.26"]
[EventType "swiss"]
[EventRounds "9"]
[EventCountry "ITA"]
[SourceTitle "CBM 214 Extra"]
[Source "ChessBase"]
[SourceDate "2023.07.31"]
[SourceVersion "1"]
[SourceVersionDate "2023.07.31"]
[SourceQuality "1"]

1. e4 c5 2. c3 Nf6 3. e5 Nd5 4. Nf3 Nc6 5. Bc4 Nb6 6. Bb3 c4 7. Bc2 d5 8. exd6 e6 9. 0-0 Bxd6 10. d4 h6 11. Nbd2 Qc7 12. Qe2 Ne7 13. Ne5 Bxe5 14. dxe5 Bd7 15. Rd1 Ng6 16. Bxg6 fxg6 17. Ne4 0-0 18. Nd6 Kh7 19. Rd4 Bc6 20. Rg4 Rad8 21. Qc2 Rf5 22. Be3 Bd5 23. Bd4 Rxd6 24. exd6 Qxd6 25. Re1 Nd7 26. b3 b5 27. Rd1 h5 28. Rg3 Nf6 29. bxc4 bxc4 30. Bxf6 gxf6 31. Qa4 a6 32. Qxc4 Qxg3 0-1

[Event "Benidorm op-A"]
[Site "Benidorm"]
[Date "2022.12.11"]
[Round "9"]
[White "Rodriguez Garcia, Manuel Francisco"]
[Black "Minnican, Alan William"]
[Result "1-0"]
[WhiteElo "2135"]
[BlackElo "2049"]
[PlyCount "89"]
[EventDate "2022.12.03"]
[EventType "swiss"]
[EventRounds "9"]
[EventCountry "ESP"]
[SourceTitle "CBM 211 Extra"]
[Source "ChessBase"]
[SourceDate "2023.01.31"]
[SourceVersion "1"]
[SourceVersionDate "2023.01.31"]
[SourceQuality "1"]

1. c4 b6 2. Nc3 Bb7 3. e4 e5 4. g3 Nc6 5. Bg2 Bc5 6. Nge2 Nge7 7. 0-0 Nd4 8. d3 Nec6 9. Nd5 0-0 10. Nec3 Ne7 11. Kh1 Nxd5 12. exd5 Re8 13. f4 exf4 14. Bxf4 Bf8 15. Qd2 c5 16. Be3 f6 17. Rae1 Bd6 18. Bxd4 cxd4 19. Nb5 Rxe1 20. Qxe1 Be5 21. Qf2 Qf8 22. Nxd4 Re8 23. Nf3 Bd6 24. Re1 Rxe1+ 25. Qxe1 Qe7 26. Qxe7 Bxe7 27. Bh3 Bc8 28. Nd4 g6 29. Nb5 a6 30. Na7 Bb7 31. Bxd7 Bd6 32. Bc8 Bb8 33. Bxb7 Bxa7 34. Bxa6 Kf8 35. Kg2 Ke7 36. d4 Kd6 37. Bb7 Bb8 38. Kf3 Bc7 39. b4 Bd8 40. c5+ Kc7 41. Bc6 f5 42. Be8 Bg5 43. d6+ Kd8 44. Bb5 Bd2 45. c6 1-0

[Event "Benidorm op-A"]
[Site "Benidorm"]
[Date "2021.12.07"]
[Round "4"]
[White "Cumming, Rhys"]
[Black "Minnican, Alan William"]
[Result "1/2-1/2"]
[WhiteElo "2377"]
[BlackElo "2105"]
[PlyCount "96"]
[EventDate "2021.12.04"]
[EventType "swiss"]
[EventRounds "9"]
[EventCountry "ESP"]
[SourceTitle "CBM 205 Extra"]
[Source "ChessBase"]
[SourceDate "2022.01.31"]
[SourceVersion "1"]
[SourceVersionDate "2022.01.31"]
[SourceQuality "1"]

1. e4 d6 2. d4 Nf6 3. Nc3 e5 4. Nf3 Nbd7 5. Rg1 g6 6. g4 c6 7. g5 Nh5 8. Be3 Bg7 9. Qd2 0-0 10. 0-0-0 Qa5 11. Kb1 Re8 12. d5 c5 13. Nb5 Qb6 14. a4 Nb8 15. Qc3 Na6 16. Nd2 Qd8 17. Nc4 Bf8 18. Be2 Nc7 19. Nxc7 Qxc7 20. Bxh5 gxh5 21. Rde1 b5 22. axb5 Rb8 23. f4 exf4 24. Bxf4 Rxb5 25. Qf6 Bg7 26. Qxd6 Qxd6 27. Bxd6 Bd4 28. Rgf1 Ba6 29. Rf3 Rb7 30. c3 Bxc4 31. cxd4 cxd4 32. Rc1 Be2 33. Ra3 d3 34. Bf4 Rxe4 35. Rc8+ Kg7 36. Bd2 Kg6 37. Ra6+ Kf5 38. h3 Re5 39. Rf6+ Ke4 40. d6 Reb5 41. Rf4+ Ke5 42. b4 Kxd6 43. Rcc4 a5 44. Rfd4+ Ke6 45. Kc1 axb4 46. Rxb4 Rxb4 47. Bxb4 Rc7+ 48. Kd2 Rc2+ 1/2-1/2

[Event "EU-chT (Men) 19th"]
[Site "Warsaw"]
[Date "2013.11.15"]
[Round "7.17"]
[White "Soors, Stef"]
[Black "Minnican, Alan William"]
[Result "1-0"]
[WhiteElo "2404"]
[BlackElo "2135"]
[PlyCount "105"]
[EventDate "2013.11.08"]
[EventType "team-swiss"]
[EventRounds "9"]
[EventCountry "POL"]
[SourceTitle "CBM 158"]
[Source "ChessBase"]
[SourceDate "2014.01.16"]
[SourceVersion "1"]
[SourceVersionDate "2014.01.16"]
[SourceQuality "1"]
[WhiteTeam "Belgium"]
[BlackTeam "Scotland"]
[WhiteTeamCountry "BEL"]
[BlackTeamCountry "SCO"]

1. e4 e5 2. Nf3 Nc6 3. Nc3 Nf6 4. d4 exd4 5. Nxd4 Bb4 6. Nxc6 bxc6 7. Bd3 d5 8. exd5 0-0 9. 0-0 cxd5 10. h3 c6 11. Qf3 Re8 12. Bf4 Bd6 13. Rfe1 Be6 14. Ne2 Rb8 15. b3 Bxf4 16. Nxf4 Qd6 17. Qg3 Bd7 18. Nh5 Qxg3 19. Nxf6+ gxf6 20. fxg3 Rxe1+ 21. Rxe1 c5 22. Re7 Rd8 23. g4 Kf8 24. Re1 h6 25. Kf2 a5 26. Kg3 Be6 27. Bf5 Rd6 28. Rf1 Kg7 29. Rf4 d4 30. Kf2 a4 31. Ke2 Bd5 32. Be4 Be6 33. Kd3 Rb6 34. Bf5 Bd5 35. Be4 Be6 36. Kd2 Ra6 37. Bd3 Rb6 38. Bc4 Bxc4 39. bxc4 Rb4 40. Kd3 Rb2 41. Rf5 Rxa2 42. Rxc5 Ra3+ 43. Kxd4 Rg3 44. Ra5 Rxg2 45. Rxa4 Rxc2 46. c5 Rd2+ 47. Kc3 Rd1 48. Rc4 Kf8 49. c6 Rd8 50. c7 Rc8 51. Kb4 Ke7 52. Kb5 f5 53. gxf5 1-0

[Event "EU-chT (Men) 19th"]
[Site "Warsaw"]
[Date "2013.11.11"]
[Round "4.17"]
[White "Kjartansson, Gudmundur"]
[Black "Minnican, Alan William"]
[Result "1-0"]
[WhiteElo "2455"]
[BlackElo "2135"]
[PlyCount "89"]
[EventDate "2013.11.08"]
[EventType "team-swiss"]
[EventRounds "9"]
[EventCountry "POL"]
[SourceTitle "CBM 158"]
[Source "ChessBase"]
[SourceDate "2014.01.16"]
[SourceVersion "1"]
[SourceVersionDate "2014.01.16"]
[SourceQuality "1"]
[WhiteTeam "Iceland"]
[BlackTeam "Scotland"]
[WhiteTeamCountry "ISL"]
[BlackTeamCountry "SCO"]

1. Nf3 g6 2. d4 Bg7 3. g3 c5 4. d5 d6 5. Bg2 Nf6 6. 0-0 0-0 7. c4 b5 8. cxb5 a6 9. b6 Nbd7 10. Nc3 Nxb6 11. Re1 Rb8 12. Rb1 Nfd7 13. Nd2 f5 14. Nf1 Nf6 15. b3 Bb7 16. Qd3 Qc7 17. Nd2 Rfe8 18. Nc4 Ba8 19. Bd2 e5 20. dxe6 Bxg2 21. Kxg2 Qc6+ 22. Qf3 d5 23. Bf4 Rbd8 24. Na5 Qxe6 25. Nb7 Rc8 26. Nd6 Ne4 27. Nxe8 Bxc3 28. Nd6 Nxd6 29. Qxc3 d4 30. Qd3 Nd5 31. Bxd6 Qxd6 32. Rbc1 Qc6 33. Kg1 Nc3 34. Qc4+ Kg7 35. b4 Qd6 36. e3 Rc6 37. bxc5 Rxc5 38. Qd3 Qc6 39. Qxd4+ Kg8 40. Rc2 h5 41. Rd1 Qf3 42. Rxc3 Rxc3 43. Qd8+ Kh7 44. Rd7+ Kh6 45. Qh8+ 1-0

[Event "Guernsey op"]
[Site "Guernsey"]
[Date "2013.10.23"]
[Round "4"]
[White "Goris, Ton"]
[Black "Minnican, Alan William"]
[Result "0-1"]
[WhiteElo "2031"]
[BlackElo "2135"]
[PlyCount "62"]
[EventDate "2013.10.20"]
[EventType "swiss"]
[EventRounds "7"]
[EventCountry "GCI"]
[SourceTitle "CBM 157 Extra"]
[Source "ChessBase"]
[SourceDate "2013.12.19"]
[SourceVersion "1"]
[SourceVersionDate "2013.12.19"]
[SourceQuality "1"]

1. e4 e5 2. Nf3 Nc6 3. d4 exd4 4. c3 d5 5. exd5 Qxd5 6. cxd4 Nf6 7. Nc3 Bb4 8. Bd2 Bxc3 9. bxc3 0-0 10. Be2 Ne4 11. 0-0 Nxd2 12. Qxd2 Bf5 13. Rfe1 Rad8 14. Qb2 b6 15. Nd2 Qd6 16. Bf3 Rfe8 17. Qb5 Bd7 18. Nc4 Rxe1+ 19. Rxe1 Nxd4 20. Nxd6 Nxb5 21. Nxb5 Bxb5 22. Re7 Re8 23. Rxe8+ Bxe8 24. Kf1 Bb5+ 25. Ke1 Kf8 26. Kd2 Ke7 27. Bd5 f6 28. g3 Kd6 29. Bg8 h6 30. c4 Bd7 31. Kd3 Be6 0-1

[Event "Guernsey op"]
[Site "Guernsey"]
[Date "2013.10.22"]
[Round "3"]
[White "Hermes, Geoff R"]
[Black "Minnican, Alan William"]
[Result "0-1"]
[WhiteElo "1995"]
[BlackElo "2135"]
[PlyCount "42"]
[EventDate "2013.10.20"]
[EventType "swiss"]
[EventRounds "7"]
[EventCountry "GCI"]
[SourceTitle "CBM 157 Extra"]
[Source "ChessBase"]
[SourceDate "2013.12.19"]
[SourceVersion "1"]
[SourceVersionDate "2013.12.19"]
[SourceQuality "1"]

1. e4 e5 2. Nf3 Nc6 3. d4 exd4 4. Nxd4 Nf6 5. Nxc6 bxc6 6. e5 Qe7 7. Qe2 Nd5 8. c4 Ba6 9. b3 g6 10. Bb2 Bg7 11. Qe4 f5 12. Qd4 Nb4 13. Na3 d6 14. f4 dxe5 15. fxe5 Rd8 16. Qe3 0-0 17. Be2 Rfe8 18. 0-0 Bxe5 19. Bxe5 Qxe5 20. Qxe5 Rxe5 21. Bf3 Ra5 0-1

[Event "Oban op"]
[Site "Oban"]
[Date "2011.11.20"]
[Round "4"]
[White "Minnican, Alan William"]
[Black "Dawson, Alastair G"]
[Result "1-0"]
[WhiteElo "2046"]
[BlackElo "1861"]
[PlyCount "75"]
[EventDate "2011.11.18"]
[EventType "swiss"]
[EventRounds "5"]
[EventCountry "SCO"]
[SourceTitle "EXT 2023"]
[Source "ChessBase"]
[SourceDate "2022.10.05"]
[SourceVersion "1"]
[SourceVersionDate "2022.10.05"]
[SourceQuality "1"]

1. Nf3 e6 2. g3 f5 3. d3 Nf6 4. Nc3 d5 5. Bf4 Bd6 6. Ne5 c6 7. d4 Qc7 8. Bg2 Nbd7 9. Nxd7 Bxd7 10. e3 0-0 11. 0-0 Rae8 12. Ne2 Re7 13. Qd3 h6 14. c4 b6 15. Rac1 g5 16. Bxd6 Qxd6 17. a3 Be8 18. b4 Bh5 19. f3 Kg7 20. Nc3 Bg6 21. f4 Ne4 22. Nxe4 fxe4 23. Qe2 gxf4 24. Rxf4 Rxf4 25. gxf4 c5 26. dxc5 bxc5 27. Qb2+ Kh7 28. cxd5 cxb4 29. Rc8 Rg7 30. Qxb4 Qxd5 31. Qb2 Qd1+ 32. Kf2 Bf5 33. Qc2 Qg4 34. Kf1 Rd7 35. Rc7 Rxc7 36. Qxc7+ Kg6 37. Qc2 Qh4 38. Bxe4 1-0

[Event "Oban op"]
[Site "Oban"]
[Date "2011.11.19"]
[Round "3"]
[White "Berry, Neil"]
[Black "Minnican, Alan William"]
[Result "1/2-1/2"]
[WhiteElo "2314"]
[BlackElo "2046"]
[PlyCount "36"]
[EventDate "2011.11.18"]
[EventType "swiss"]
[EventRounds "5"]
[EventCountry "SCO"]
[SourceTitle "EXT 2023"]
[Source "ChessBase"]
[SourceDate "2022.10.05"]
[SourceVersion "1"]
[SourceVersionDate "2022.10.05"]
[SourceQuality "1"]

1. Nf3 e6 2. c4 f5 3. g3 Nf6 4. Bg2 Be7 5. 0-0 0-0 6. d4 d6 7. Nc3 a5 8. b3 Ne4 9. Bb2 Nxc3 10. Bxc3 Qe8 11. Re1 Qh5 12. e4 f4 13. e5 d5 14. Nd2 Qf7 15. Qf3 c6 16. Qxf4 Qxf4 17. gxf4 Rxf4 18. a3 Bd7 1/2-1/2

[Event "Guernsey op 37th"]
[Site "Guernsey"]
[Date "2011.10.18"]
[Round "3"]
[White "Dijksterhuis, Rolf"]
[Black "Minnican, Alan William"]
[Result "0-1"]
[WhiteElo "1998"]
[BlackElo "2106"]
[PlyCount "84"]
[EventDate "2011.10.16"]
[EventType "swiss"]
[EventRounds "7"]
[EventCountry "GCI"]
[SourceTitle "EXT 2012"]
[Source "ChessBase"]
[SourceDate "2011.11.24"]
[SourceVersion "1"]
[SourceVersionDate "2011.11.24"]
[SourceQuality "1"]

1. d4 e6 2. e4 d5 3. Nc3 Bb4 4. Nge2 Nc6 5. e5 f6 6. f4 Nh6 7. Ng3 0-0 8. Bd3 fxe5 9. dxe5 Qh4 10. 0-0 Ng4 11. h3 Bc5+ 12. Kh1 Nf2+ 13. Rxf2 Bxf2 14. Nh5 Bd7 15. Be2 Nd4 16. Bg4 Nf5 17. Nxd5 Be8 18. g3 Qd8 19. Nc3 Qxd1+ 20. Nxd1 Bxh5 21. Nxf2 Bxg4 22. hxg4 Nxg3+ 23. Kg2 Ne2 24. Nd3 Nxc1 25. Rxc1 b6 26. Rf1 g6 27. Kg3 Rad8 28. Rf2 a5 29. a4 Kg7 30. b3 h5 31. gxh5 gxh5 32. Kh4 Kh6 33. Rf3 Rd4 34. Kh3 c5 35. Rg3 c4 36. bxc4 Rxc4 37. Rg5 Rxa4 38. Kg3 Rfxf4 39. Nxf4 Kxg5 40. Nxe6+ Kf5 41. Ng7+ Kxe5 42. Nxh5 Rc4 0-1

[Event "Lothian-ch"]
[Site "Edinburgh"]
[Date "2010.10.10"]
[Round "5"]
[White "Tate, Alan"]
[Black "Minnican, Alan William"]
[Result "1/2-1/2"]
[WhiteElo "2216"]
[BlackElo "2080"]
[PlyCount "61"]
[EventDate "2010.10.08"]
[EventType "swiss"]
[EventRounds "5"]
[EventCountry "SCO"]
[SourceTitle "EXT 2023"]
[Source "ChessBase"]
[SourceDate "2022.10.05"]
[SourceVersion "1"]
[SourceVersionDate "2022.10.05"]
[SourceQuality "1"]

1. e4 d6 2. d4 Nf6 3. Nc3 Nbd7 4. Nf3 e5 5. g4 Nxg4 6. Rg1 Ngf6 7. dxe5 Nxe5 8. Nd4 Bg4 9. Be2 Bxe2 10. Qxe2 Qd7 11. f4 Nc6 12. Be3 a6 13. 0-0-0 0-0-0 14. Nxc6 Qxc6 15. Bd4 Nd7 16. Qh5 Nc5 17. Bxg7 Bxg7 18. Rxg7 Kb8 19. Rxh7 Rhe8 20. Qxf7 Rf8 21. Qg7 Rxf4 22. e5 Rc8 23. exd6 cxd6 24. Qe7 Ne4 25. Qg7 Nxc3 26. Qxc3 Qxc3 27. bxc3 Rxc3 28. Rxd6 Rf2 29. Rd2 Rxd2 30. Kxd2 Ra3 31. Kc1 1/2-1/2

[Event "Lothian-ch"]
[Site "Edinburgh"]
[Date "2010.10.09"]
[Round "3"]
[White "Minnican, Alan William"]
[Black "Burnett, Walter"]
[Result "1/2-1/2"]
[WhiteElo "2080"]
[BlackElo "1922"]
[PlyCount "81"]
[EventDate "2010.10.08"]
[EventType "swiss"]
[EventRounds "5"]
[EventCountry "SCO"]
[SourceTitle "EXT 2023"]
[Source "ChessBase"]
[SourceDate "2022.10.05"]
[SourceVersion "1"]
[SourceVersionDate "2022.10.05"]
[SourceQuality "1"]

1. d4 d5 2. Bf4 Nc6 3. e3 f6 4. c4 e5 5. cxd5 Qxd5 6. dxe5 Qxd1+ 7. Kxd1 fxe5 8. Bg3 Bf5 9. Nc3 0-0-0+ 10. Kc1 Nf6 11. Bb5 Bc5 12. Nf3 Nd5 13. Nxd5 Rxd5 14. Bc4 Bxe3+ 15. fxe3 Rc5 16. b3 b5 17. Kb2 bxc4 18. Rac1 Bd3 19. Nd2 Kd7 20. Nxc4 Bxc4 21. Rxc4 Rxc4 22. bxc4 Ke6 23. Kc3 h5 24. Rd1 g5 25. h3 Rf8 26. Rd2 Ne7 27. Bf2 Nf5 28. Rb2 Nd6 29. Bg1 Rf1 30. Bh2 h4 31. Kd3 Rc1 32. g3 e4+ 33. Kd2 Rh1 34. Kc3 hxg3 35. Bxg3 Rxh3 36. Bxd6 Rxe3+ 37. Kd4 Rd3+ 38. Kxe4 Rxd6 39. Rb5 Kf6 40. Rf5+ Kg6 41. Rc5 1/2-1/2

[Event "Oban op"]
[Site "Oban"]
[Date "2010.02.21"]
[Round "4"]
[White "Marks, Ian Alexander"]
[Black "Minnican, Alan William"]
[Result "0-1"]
[WhiteElo "1877"]
[BlackElo "2080"]
[PlyCount "101"]
[EventDate "2010.02.19"]
[EventType "swiss"]
[EventRounds "5"]
[EventCountry "SCO"]
[SourceTitle "EXT 2023"]
[Source "ChessBase"]
[SourceDate "2022.10.05"]
[SourceVersion "1"]
[SourceVersionDate "2022.10.05"]
[SourceQuality "1"]

1. e4 d6 2. d4 Nf6 3. Nc3 Nbd7 4. Nf3 e5 5. Bc4 Be7 6. 0-0 h6 7. a4 a5 8. b3 c6 9. Ba3 Qc7 10. Re1 Nf8 11. Bf1 Bg4 12. Be2 Ne6 13. d5 cxd5 14. Nxd5 Nxd5 15. exd5 Nf4 16. Bb5+ Kf8 17. Be2 Qc3 18. Nd4 Nxe2+ 19. Nxe2 Bxe2 20. Rxe2 g6 21. Re3 Qc7 22. Bb2 Bg5 23. Re2 Kg8 24. Qd3 Kh7 25. Bc1 Bxc1 26. Rxc1 f5 27. g3 Rhe8 28. Kg2 Qc5 29. Rd1 Rac8 30. c4 b6 31. Qe3 Qxe3 32. Rxe3 g5 33. f3 Kg6 34. Rde1 h5 35. h3 Kf6 36. R1e2 Rc7 37. g4 Rf8 38. Rf2 Kg6 39. Ree2 Rcf7 40. Kg3 Rf6 41. Kg2 fxg4 42. fxg4 Rf4 43. Rxf4 Rxf4 44. Kg3 h4+ 45. Kg2 e4 46. Re3 Kf6 47. Re1 Ke5 48. Rd1 Rf3 49. Rb1 Rg3+ 50. Kh2 Rd3 51. Rf1 0-1

[Event "Oban op"]
[Site "Oban"]
[Date "2010.02.20"]
[Round "3"]
[White "Minnican, Alan William"]
[Black "Tsang, Sai Kong"]
[Result "1/2-1/2"]
[WhiteElo "2080"]
[BlackElo "1876"]
[PlyCount "66"]
[EventDate "2010.02.19"]
[EventType "swiss"]
[EventRounds "5"]
[EventCountry "SCO"]
[SourceTitle "EXT 2023"]
[Source "ChessBase"]
[SourceDate "2022.10.05"]
[SourceVersion "1"]
[SourceVersionDate "2022.10.05"]
[SourceQuality "1"]

1. d4 Nf6 2. Nf3 d5 3. Bf4 g6 4. Nc3 Bg7 5. e3 0-0 6. Be2 c6 7. Ne5 Nbd7 8. h4 Ne4 9. Nxe4 dxe4 10. h5 Qa5+ 11. Qd2 Qxd2+ 12. Kxd2 Nxe5 13. Bxe5 Bxe5 14. dxe5 Be6 15. Rh4 Bf5 16. hxg6 Rad8+ 17. Kc3 Bxg6 18. Rah1 Rd5 19. Bh5 Bf5 20. Bg4 Bg6 21. e6 f6 22. Bh5 Rxh5 23. Rxh5 Bxh5 24. Rxh5 Kg7 25. g4 b6 26. Rf5 Kg6 27. b4 Rd8 28. Rf4 Rd6 29. Rxe4 f5 30. gxf5+ Kxf5 31. Rf4+ Kg6 32. Rg4+ Kf6 33. Rh4 Kg6 1/2-1/2

[Event "Guernsey op 35th"]
[Site "Guernsey"]
[Date "2009.10.19"]
[Round "2"]
[White "Minnican, Alan William"]
[Black "Hillarp Persson, Tiger"]
[Result "0-1"]
[WhiteElo "2105"]
[BlackElo "2577"]
[PlyCount "138"]
[EventDate "2009.10.18"]
[EventType "swiss"]
[EventRounds "7"]
[EventCountry "GCI"]
[SourceTitle "EXT 2010"]
[Source "ChessBase"]
[SourceDate "2010.11.25"]
[SourceVersion "1"]
[SourceVersionDate "2010.11.25"]
[SourceQuality "1"]

1. d4 Nf6 2. Nf3 e6 3. Bf4 b6 4. e3 Bb7 5. Bd3 d6 6. Nbd2 h6 7. h3 g6 8. a4 Nc6 9. c3 Bg7 10. Bh2 0-0 11. Qe2 a6 12. 0-0 Nd7 13. b4 e5 14. b5 axb5 15. axb5 Na5 16. dxe5 dxe5 17. Be4 Bxe4 18. Nxe4 f5 19. Ned2 Qe7 20. Nc4 Nb7 21. Qd2 Qe6 22. Rad1 Nbc5 23. Qd5 Qxd5 24. Rxd5 e4 25. Nfe5 Nxe5 26. Nxe5 Bxe5 27. Bxe5 Rf7 28. Bd4 Ne6 29. Be5 Kh7 30. Rfd1 g5 31. f3 exf3 32. gxf3 Kg6 33. f4 Ra4 34. Rd7 Re4 35. Rxf7 Kxf7 36. Rd7+ Ke8 37. Rh7 Rxe3 38. Rxh6 gxf4 39. Rh8+ Ke7 40. Rh7+ Kf8 41. Bf6 Rg3+ 42. Kf1 Rf3+ 43. Kg2 Rd3 44. h4 f3+ 45. Kf1 Rd2 46. Re7 Nc5 47. Bg5 Rb2 48. Re3 Ne4 49. Rxf3 Rxb5 50. Bf4 Nf6 51. Bg5 Nh5 52. Rd3 Rb2 53. Rd2 Rxd2 54. Bxd2 Ke7 55. Ke2 Kd6 56. Kd3 Ke5 57. c4 f4 58. Bc3+ Kf5 59. Kd4 c6 60. Kd3 Ng3 61. Be1 Kg4 62. Kd4 Kxh4 63. Ke5 Kg4 64. Kd6 c5 65. Kc6 Ne2 66. Kxb6 Nc1 67. Bd2 Nd3 68. Kc6 f3 69. Be3 Kg3 0-1

[Event "Guernsey op 34th"]
[Site "Guernsey"]
[Date "2008.10.22"]
[Round "4"]
[White "Burrows, Martin P"]
[Black "Minnican, Alan William"]
[Result "1/2-1/2"]
[WhiteElo "2196"]
[BlackElo "2086"]
[PlyCount "90"]
[EventDate "2008.10.19"]
[EventType "swiss"]
[EventRounds "7"]
[EventCountry "GCI"]
[SourceTitle "EXT 2009"]
[Source "ChessBase"]
[SourceDate "2008.11.26"]
[SourceVersion "1"]
[SourceVersionDate "2008.11.26"]
[SourceQuality "1"]

1. e4 Nc6 2. d4 d5 3. e5 f6 4. f4 Nh6 5. Nf3 Bf5 6. Bb5 Qd7 7. c3 a6 8. Be2 e6 9. Nbd2 Be7 10. Nf1 Be4 11. Ng3 f5 12. 0-0 0-0 13. Kh1 Kh8 14. Be3 Nf7 15. Qd2 h6 16. Nxe4 dxe4 17. Ng1 Rad8 18. Rad1 Rg8 19. Nh3 Kh7 20. Rg1 Nb8 21. Qc2 b5 22. b3 Qc6 23. Qc1 Nd7 24. c4 Nb6 25. cxb5 Qxc1 26. Bxc1 axb5 27. Bxb5 Nd5 28. Bc4 g5 29. Bxd5 Rxd5 30. Be3 Rgd8 31. Rc1 Rc8 32. Rc6 Nd8 33. Rc4 Kg6 34. Rgc1 c6 35. Kg1 Ra8 36. R1c2 Ra3 37. Ra4 Rxa4 38. bxa4 c5 39. dxc5 Nc6 40. Kf1 Rd3 41. Ke2 Ra3 42. g3 Rxa4 43. Nf2 gxf4 44. gxf4 Ra6 45. Nd1 Nb4 1/2-1/2

[Event "Guernsey op 34th"]
[Site "Guernsey"]
[Date "2008.10.20"]
[Round "2"]
[White "Minnican, Alan William"]
[Black "Wallace, Paul Anthony"]
[Result "1/2-1/2"]
[WhiteElo "2086"]
[BlackElo "2259"]
[PlyCount "50"]
[EventDate "2008.10.19"]
[EventType "swiss"]
[EventRounds "7"]
[EventCountry "GCI"]
[SourceTitle "EXT 2009"]
[Source "ChessBase"]
[SourceDate "2008.11.26"]
[SourceVersion "1"]
[SourceVersionDate "2008.11.26"]
[SourceQuality "1"]

1. Nf3 Nf6 2. g3 g6 3. b3 Bg7 4. Bb2 0-0 5. Bg2 c5 6. c4 Nc6 7. 0-0 d6 8. d4 Ne4 9. Nbd2 Bf5 10. e3 Qa5 11. Nxe4 Bxe4 12. Qe1 Qxe1 13. Rfxe1 a5 14. Re2 a4 15. dxc5 dxc5 16. Bxg7 Kxg7 17. Rb2 a3 18. Re2 Rfd8 19. Ne1 Bxg2 20. Kxg2 Rd6 21. Nc2 b6 22. Kf1 Nb4 23. Ke1 Kf6 24. Nxb4 cxb4 25. Rd1 Rxd1+ 1/2-1/2

[Event "BCF-chT3 0708 (4NCL)"]
[Site "Sunningdale"]
[Date "2008.03.01"]
[Round "7.1"]
[White "Minnican, Alan William"]
[Black "Spence, David"]
[Result "1-0"]
[WhiteElo "2077"]
[BlackElo "2198"]
[PlyCount "103"]
[EventDate "2007.09.15"]
[EventType "team-tourn"]
[EventRounds "11"]
[EventCountry "ENG"]
[SourceTitle "EXT 2023"]
[Source "ChessBase"]
[SourceDate "2022.10.05"]
[SourceVersion "1"]
[SourceVersionDate "2022.10.05"]
[SourceQuality "1"]
[WhiteTeam "Mindsports"]
[BlackTeam "Anglian Avengers"]
[WhiteTeamCountry "ENG"]
[BlackTeamCountry "ENG"]

1. Nf3 d5 2. g3 Nf6 3. Bg2 Bg4 4. 0-0 c6 5. d3 Nbd7 6. h3 Bh5 7. Nbd2 e5 8. Qe1 Bd6 9. e4 Qe7 10. a3 Bg6 11. Nh4 dxe4 12. dxe4 h6 13. Nc4 Bc7 14. Nxg6 fxg6 15. Qb4 Nb6 16. Qxe7+ Kxe7 17. Na5 Nbd7 18. Bd2 Rab8 19. Bb4+ Bd6 20. Rad1 Bxb4 21. axb4 g5 22. Rd2 Nb6 23. Rfd1 Rhc8 24. f3 c5 25. b5 c4 26. b3 cxb3 27. cxb3 Nfd7 28. Nc4 Rc5 29. Bf1 Rc7 30. Ne3 Nf6 31. Bc4 g6 32. Rd6 Nxc4 33. bxc4 Rd7 34. Nd5+ Nxd5 35. Rxd7+ Kxd7 36. Rxd5+ Ke6 37. c5 Re8 38. Rd6+ Kf7 39. Kf2 Re6 40. Rd7+ Re7 41. Rd5 b6 42. Ke3 bxc5 43. Rxc5 Re6 44. Rc7+ Re7 45. Rxe7+ Kxe7 46. Kd3 Kd7 47. Kc4 Kd6 48. Kb4 Kc7 49. Kc5 Kb7 50. Kd6 Kb6 51. Kxe5 Kxb5 52. Kd6 1-0

[Event "BCF-chT3 0708 (4NCL)"]
[Site "Sunningdale"]
[Date "2007.11.11"]
[Round "4.4"]
[White "Minnican, Alan William"]
[Black "Pitcher, John"]
[Result "1/2-1/2"]
[WhiteElo "2110"]
[BlackElo "2195"]
[PlyCount "89"]
[EventDate "2007.09.15"]
[EventType "team-tourn"]
[EventRounds "11"]
[EventCountry "ENG"]
[SourceTitle "EXT 2023"]
[Source "ChessBase"]
[SourceDate "2022.10.05"]
[SourceVersion "1"]
[SourceVersionDate "2022.10.05"]
[SourceQuality "1"]
[WhiteTeam "Mindsports"]
[BlackTeam "Warwicks Select"]
[WhiteTeamCountry "ENG"]
[BlackTeamCountry "ENG"]

1. Nf3 d5 2. d4 Nf6 3. e3 c6 4. Bd3 Bg4 5. Nbd2 e6 6. c3 Nbd7 7. e4 dxe4 8. Nxe4 Nxe4 9. Bxe4 Bd6 10. h3 Bh5 11. 0-0 Qc7 12. Bd3 0-0-0 13. Be2 h6 14. Nd2 Bg6 15. Nc4 Nf6 16. Qa4 Kb8 17. Nxd6 Qxd6 18. Bf3 Nd5 19. Re1 Ka8 20. Be3 Nb6 21. Qb3 Nd5 22. Rad1 Nxe3 23. Rxe3 Bf5 24. Re5 Qc7 25. Qa4 Rd6 26. b4 Rc8 27. Rc5 e5 28. Rxe5 Be6 29. Rde1 Kb8 30. Ra5 b6 31. Rae5 Rcd8 32. Qa6 Bc8 33. Qe2 Be6 34. a4 g5 35. a5 b5 36. Rc5 a6 37. Qe5 Bd5 38. Bxd5 Rxd5 39. Rxd5 cxd5 40. Qf6 Rd6 41. Re8+ Kb7 42. Qe5 Rd7 43. Qf6 Rd6 44. Qe5 Rd7 45. Qf6 1/2-1/2